000 01163nab a2200217 i 4500
001 768714001
003 CO-MdFUSB
005 20240609121024.0
008 240530t1973 ag ||||| |||| 00| 0 spa d
040 _bspa
_cCO-MdFUSB
_dCO-MdFUSB
041 _aspa
100 _aAdeney, David,
_eautor
245 _aPreguntas acerca de la fe
_c/ David Adeney
520 _aEn la China comunista no era aceptable permanecer en silencio. A los estudiantes cristianos no se les permitía permanecer en silencio cuando se discutían temas religiosos: debían participar activamente en discusiones grupales y expresar su opinión sobre el tema. Una vez que reconocieron su fe, se vieron obligados a responder preguntas que parecían ridiculizar el cristianismo. Por supuesto, muchas cosas no eran nuevas ni peculiares de los países comunistas.
650 0 _aComunismo y cristianismo
_91245
650 7 _aFe
_9531
650 0 _aVida cristiana
_919
773 0 _069974
_982716
_dBuenos Aires
_oR2608
_tCerteza
_w(CO-MdFUSB)768714001
_gNúmero 51, (julio - septiembre, 1973) páginas: 82 - 86
_qpágina: 82
942 _cANA
945 _aCatherine Arias Álvarez - Practicante SENA
999 _c69992
_d69992